| 000 | 00353nam a2200133Ia 4500 | ||
|---|---|---|---|
| 008 | 240624s9999 xx 000 0 und d | ||
| 041 | _aeng | ||
| 082 | _a332.643 GRE | ||
| 100 | _aGREIFELD ROBERT | ||
| 245 | _aMARKET MOVER LESSONS FROM A DECADE OF CH | ||
| 260 |
_c2019 _aNew York _bGrand Central Publishing |
||
| 300 | _a288p. ;23cm. | ||
| 365 |
_c _b33 |
||
| 999 |
_c32700 _d32700 |
||